000 00237nam a2200097Ia 4500
005 20251222114347.0
008 251222s1900||||xx |||||||||||||| ||spa||
082 _aDVD0120/C28/2006
245 0 _aDon Pasquale: Gaetano Donizetti:
942 _cDVD
999 _c1072
_d1072